Statistics for Elvis (Fictional) Movies

Click here to take the quiz!

General Stats

  • This quiz has been taken 10 times
  • The average score is 7 of 15

Answer Stats

HintAnswer% Correct
Elvis's character lost his voice in this Elvis movieJailhouse Rock
78%
Car racing, waterskiing, and a helicopter ride are all featured in this Elvis movieViva Las Vegas
78%
A young Kurt Russel kicked shin... the King's, in this Elvis movieIt Happened At The World's Fair
56%
This is Elvis' second movie to feature Dolores Hart as his co-starKing Creole
56%
Yvonne Craig got a bigger role in this second (of hers) Elvis movieKissin' Cousins
56%
The only Elvis movie to feature Elvis' character dead by the end of the movieLove Me Tender
56%
A one-word titled Elvis movie... but with punctuation!Charro!
44%
This Elvis movie featured Shelley Fabares for the third time in an Elvis movieClambake
44%
This was the second (of three) Elvis movies shot on location in HawaiiGirls! Girls! Girls!
44%
Mary Ann Mobley got a bigger role in this second (of hers) Elvis movieHarum Scarum
44%
Ed Asner got a bigger role in this second (of his) Elvis movieChange Of Habit
33%
Elvis' character was once a trapeze performer in this Elvis movieFun In Acapulco
33%
This Elvis movie was a remake of a 1930's movie starring Humphrey Bogart and Bette DavisKid Galahad
33%
This was Elvis' third movie released in 1964Roustabout
33%
This was Elvis' third movie title to feature the same word at least twiceLive A Little, Love A Little
22%

Score Distribution

Percentile by Number Answered

Percent of People with Each Score

Your Score History

You have not taken this quiz